Polyfunkčný bytový dom

Gespeichert in:
Bibliographische Detailangaben
1. Verfasser: Mrekaj, Roman (Verfasst von)
Weitere Verfasser: Paňák, Pavel (Betreuung Doktorarbeit)
Format: Manuskript Buch
Sprache:Slowakisch
Veröffentlicht: Bratislava 2018
Schlagworte:
Online-Zugang:http://is.stuba.sk/zp/portal_zp.pl?podrobnosti=120124
Tags: Tag hinzufügen
Keine Tags, Fügen Sie das erste Tag hinzu!

MARC

LEADER 00000ntm a22000003a 4500
001 stuzp69370
003 SK-STU
005 20210115101951.1
007 ta
008 150427s2015----xo-----f-mn---000-0-slo-d
040 |a STU  |b slo 
041 0 |a slo 
100 1 |a Mrekaj, Roman  |u 050000  |4 aut  |T FAD Fakulta architektúry  |X 77089  |U A  |Y 50  |7 77089 
242 0 1 |a Polyfunctional Residential Building  |y eng 
245 1 0 |a Polyfunkčný bytový dom 
260 |c 2018  |a Bratislava 
650 4 |a Polyfunkcia  |2 slo 
650 4 |a Kultúrny dom Imricha Ehrenbergera  |2 slo 
650 4 |a lesopark  |2 slo 
650 4 |a verejný priestor  |2 slo 
650 4 |a House of culture  |2 eng 
650 4 |a Forrest park  |2 eng 
650 4 |a Mixed use building  |2 eng 
650 4 |a Public space  |2 eng 
700 1 |a Paňák, Pavel  |u 050900  |k Z1  |4 ths  |U FAD Fakulta architektúry  |T FA Dekanát  |X 70322  |U A0900  |Y 158  |7 A000070322 
856 4 |u http://is.stuba.sk/zp/portal_zp.pl?podrobnosti=120124  |u https://opac.crzp.sk/?fn=detailBiblioForm&sid=233ADDCA5EB56A1008EC3D31D49A